<?xml version="1.0" encoding="UTF-8"?>
<record
    xmlns:xsi="http://www.w3.org/2001/XMLSchema-instance"
    xsi:schemaLocation="http://www.loc.gov/MARC21/slim http://www.loc.gov/standards/marcxml/schema/MARC21slim.xsd"
    xmlns="http://www.loc.gov/MARC21/slim">

  <leader>01355nam a2200241Ia 4500</leader>
  <controlfield tag="003">OSt</controlfield>
  <controlfield tag="005">20250415135902.0</controlfield>
  <controlfield tag="008">210716s2016    xx            000 0 und d</controlfield>
  <datafield tag="020" ind1=" " ind2=" ">
    <subfield code="a">9789332556997</subfield>
  </datafield>
  <datafield tag="040" ind1=" " ind2=" ">
    <subfield code="c">AIMIT LIBRARY</subfield>
  </datafield>
  <datafield tag="041" ind1=" " ind2=" ">
    <subfield code="a">eng</subfield>
  </datafield>
  <datafield tag="082" ind1=" " ind2=" ">
    <subfield code="a">658.4 </subfield>
    <subfield code="2">10</subfield>
    <subfield code="b">GREJ</subfield>
  </datafield>
  <datafield tag="100" ind1=" " ind2=" ">
    <subfield code="a">Greenberg, Jerald.</subfield>
    <subfield code="9">16212</subfield>
  </datafield>
  <datafield tag="245" ind1=" " ind2=" ">
    <subfield code="a">Behavior in organizations /</subfield>
    <subfield code="c">By Jerald Greenberg.</subfield>
  </datafield>
  <datafield tag="250" ind1=" " ind2=" ">
    <subfield code="a">10th ed.</subfield>
  </datafield>
  <datafield tag="260" ind1=" " ind2=" ">
    <subfield code="a">New Delhi :</subfield>
    <subfield code="b">Pearson Education ;</subfield>
    <subfield code="c">2016.</subfield>
  </datafield>
  <datafield tag="300" ind1=" " ind2=" ">
    <subfield code="a">Xxx, 690p. ;</subfield>
    <subfield code="c">25.5 cm.</subfield>
  </datafield>
  <datafield tag="500" ind1=" " ind2=" ">
    <subfield code="a">For one-semester, undergraduate and graduate level courses in Organizational Behavior. Unique and current insight on the everyday processes and phenomena of OB.Behavior in Organizations shows students the real world of OB through its blend of cutting-edge research and practical applications. This text then challenges students to take theory one step further by having them put the concepts into action. The many changes in the tenth edition reflect the authors&#x2019; never-ending mission to present a balance between knowledge and application, while including coverage on the latest advances in the field.</subfield>
  </datafield>
  <datafield tag="650" ind1=" " ind2=" ">
    <subfield code="a">Organizational justice ethics and corporate social responsibility</subfield>
    <subfield code="9">16213</subfield>
  </datafield>
  <datafield tag="650" ind1=" " ind2=" ">
    <subfield code="a">Motivation in organizations</subfield>
    <subfield code="9">16214</subfield>
  </datafield>
  <datafield tag="650" ind1=" " ind2=" ">
    <subfield code="a">Decision making in organizations</subfield>
    <subfield code="9">16215</subfield>
  </datafield>
  <datafield tag="942" ind1=" " ind2=" ">
    <subfield code="2">ddc</subfield>
    <subfield code="c">BK</subfield>
    <subfield code="e">10th</subfield>
    <subfield code="k">658.4 GREJ</subfield>
  </datafield>
  <datafield tag="999" ind1=" " ind2=" ">
    <subfield code="c">209820</subfield>
    <subfield code="d">209820</subfield>
  </datafield>
  <datafield tag="952" ind1=" " ind2=" ">
    <subfield code="0">0</subfield>
    <subfield code="1">0</subfield>
    <subfield code="2">ddc</subfield>
    <subfield code="4">0</subfield>
    <subfield code="7">0</subfield>
    <subfield code="8">MBA</subfield>
    <subfield code="a">AIMIT</subfield>
    <subfield code="b">AIMIT</subfield>
    <subfield code="d">2016-09-15</subfield>
    <subfield code="g">609.00</subfield>
    <subfield code="i">Bill no:153; Bill dt:2016-09-13</subfield>
    <subfield code="l">0</subfield>
    <subfield code="o">658.4 GREJ</subfield>
    <subfield code="p">MBA12386</subfield>
    <subfield code="r">2026-05-23 00:00:00</subfield>
    <subfield code="v">487.20</subfield>
    <subfield code="w">2021-07-16</subfield>
    <subfield code="y">BK</subfield>
  </datafield>
  <datafield tag="952" ind1=" " ind2=" ">
    <subfield code="0">0</subfield>
    <subfield code="1">0</subfield>
    <subfield code="2">ddc</subfield>
    <subfield code="4">0</subfield>
    <subfield code="7">0</subfield>
    <subfield code="8">MBA</subfield>
    <subfield code="a">AIMIT</subfield>
    <subfield code="b">AIMIT</subfield>
    <subfield code="c">OB</subfield>
    <subfield code="d">2025-03-11</subfield>
    <subfield code="e">Biblios Book Point</subfield>
    <subfield code="g">1190.00</subfield>
    <subfield code="i">Bill no:7466; Bill dt:2026-03-11</subfield>
    <subfield code="l">0</subfield>
    <subfield code="o">658.4 GREJ</subfield>
    <subfield code="p">MBA14832</subfield>
    <subfield code="r">2026-05-23 00:00:00</subfield>
    <subfield code="v">928.20</subfield>
    <subfield code="w">2025-04-15</subfield>
    <subfield code="y">BK</subfield>
  </datafield>
  <datafield tag="952" ind1=" " ind2=" ">
    <subfield code="0">0</subfield>
    <subfield code="1">0</subfield>
    <subfield code="2">ddc</subfield>
    <subfield code="4">0</subfield>
    <subfield code="7">0</subfield>
    <subfield code="8">MBA</subfield>
    <subfield code="a">AIMIT</subfield>
    <subfield code="b">AIMIT</subfield>
    <subfield code="c">OB</subfield>
    <subfield code="d">2025-03-11</subfield>
    <subfield code="e">Biblios Book Point</subfield>
    <subfield code="g">1190.00</subfield>
    <subfield code="i">Bill no:7466; Bill dt:2026-03-11</subfield>
    <subfield code="l">0</subfield>
    <subfield code="o">658.4 GREJ</subfield>
    <subfield code="p">MBA14833</subfield>
    <subfield code="r">2026-05-23 00:00:00</subfield>
    <subfield code="v">928.20</subfield>
    <subfield code="w">2025-04-15</subfield>
    <subfield code="y">BK</subfield>
  </datafield>
</record>
